[Event "St Petersburg Northwest Cup-B"]
[Site "St Petersburg"]
[Date "2019.12.16"]
[Round "8"]
[White "Toivonen, Alexander"]
[Black "Suleymanyants, Odisey"]
[Result "1-0"]
[WhiteElo "2324"]
[BlackElo "2275"]
[PlyCount "92"]
[EventDate "2019.12.09"]
[EventType "tourn"]
[EventRounds "9"]
[EventCountry "RUS"]
[EventCategory "4"]
[SourceTitle "CBM 193 Extra"]
[Source "ChessBase"]
[SourceDate "2020.01.31"]
[SourceVersion "1"]
[SourceVersionDate "2020.01.31"]
[SourceQuality "1"]

1. e4 d6 2. d4 Nf6 3. Nc3 e5 4. Nf3 exd4 5. Nxd4 Nc6 6. Nxc6 bxc6 7. Bd3 Be7 8. 0-0 0-0 9. f4 Re8 10. Qf3 d5 11. e5 Bc5+ 12. Kh1 Ng4 13. Qg3 f5 14. h3 Nh6 15. Na4 Bb6 16. Be3 Qe7 17. Qf2 Be6 18. Nc5 Kh8 19. b4 Rg8 20. g4 d4 21. Bxd4 fxg4 22. f5 Bxc5 23. bxc5 Bd5+ 24. Kh2 gxh3 25. Qg3 Bg2 26. Rf4 Rad8 27. c3 Rd5 28. Re1 Rxd4 29. cxd4 Qf7 30. e6 Qe7 31. Qh4 Nxf5 32. Bxf5 g5 33. Qxh7+ Qxh7 34. Bxh7 Kxh7 35. Rf7+ Kg6 36. Rxc7 g4 37. e7 Re8 38. Rxa7 Kf5 39. Kg3 Bf3 40. Re5+ Kf6 41. Rd7 Kf7 42. Rd8 Rxe7 43. Rxe7+ Kxe7 44. Rd6 Bd1 45. Rxc6 Kd7 46. Rh6 Bf3 1-0

[Event "St Petersburg  North-West Cup-B"]
[Site "St Petersburg"]
[Date "2018.12.10"]
[Round "8"]
[White "Chukavin, Kirill"]
[Black "Toivonen, Alexander"]
[Result "1/2-1/2"]
[WhiteElo "2277"]
[BlackElo "2343"]
[PlyCount "123"]
[EventDate "2018.12.03"]
[EventType "tourn"]
[EventRounds "9"]
[EventCountry "RUS"]
[EventCategory "3"]
[SourceTitle "CBM 187 Extra"]
[Source "ChessBase"]
[SourceDate "2018.11.04"]
[SourceVersion "1"]
[SourceVersionDate "2018.11.04"]
[SourceQuality "1"]

1. e4 e5 2. Nf3 Nf6 3. Nxe5 d6 4. Nf3 Nxe4 5. Bd3 Nc5 6. Be2 Be7 7. 0-0 0-0 8. d4 Ne4 9. Bd3 d5 10. c4 c6 11. Nc3 Nxc3 12. bxc3 dxc4 13. Bxc4 Bg4 14. h3 Bh5 15. g4 Bg6 16. Ne5 Nd7 17. Nxg6 hxg6 18. Qf3 Bd6 19. g5 Nb6 20. Bb3 Nd5 21. h4 Qd7 22. Kg2 Rae8 23. Rh1 Nxc3 24. h5 Nd5 25. hxg6 fxg6 26. Bxd5+ cxd5 27. Qxd5+ Rf7 28. Rh4 Re1 29. Re4 Rh1 30. Re6 Rg1+ 31. Kxg1 Bh2+ 32. Kxh2 Qxd5 33. Re8+ Rf8 34. Rxf8+ Kxf8 35. Be3 Kf7 36. Rc1 Qd6+ 37. Kg2 b6 38. Rc2 Ke6 39. Kf3 Kf5 40. Rc8 Qd5+ 41. Kg3 Ke6 42. a4 Qd7 43. Rg8 Kf7 44. Rh8 Qxa4 45. Rd8 Qc6 46. Bf4 Ke7 47. Rg8 Qc3+ 48. Be3 Kf7 49. Ra8 a5 50. Ra7+ Kg8 51. Kf4 Qc8 52. Kf3 a4 53. Bf4 Qc3+ 54. Ke4 a3 55. Be5 Qc2+ 56. Kd5 a2 57. Rxg7+ Kf8 58. Ra7 Qb3+ 59. Kd6 Qb4+ 60. Ke6 Qc4+ 61. Kd6 Qb4+ 62. Ke6 1/2-1/2

[Event "St Petersburg NFD Cup final-B"]
[Site "St Petersburg"]
[Date "2016.12.14"]
[Round "6"]
[White "Gazik, Igor"]
[Black "Toivonen, Alexander"]
[Result "1/2-1/2"]
[WhiteElo "2308"]
[BlackElo "2312"]
[PlyCount "69"]
[EventDate "2016.12.09"]
[EventType "tourn"]
[EventRounds "9"]
[EventCountry "RUS"]
[EventCategory "3"]
[SourceTitle "CBM 176 Extra"]
[Source "ChessBase"]
[SourceDate "2017.03.02"]
[SourceVersion "1"]
[SourceVersionDate "2017.03.02"]
[SourceQuality "1"]

1. d4 d5 2. Nf3 Nf6 3. b3 Bf5 4. e3 e6 5. Be2 h6 6. Bb2 Bd6 7. 0-0 0-0 8. Ne5 Nbd7 9. c4 c6 10. Nd2 Ne4 11. Nxe4 Bxe4 12. Bd3 Bxd3 13. Nxd3 Qh4 14. g3 Qh3 15. Qf3 Nf6 16. Rfd1 Ne4 17. Rac1 Rac8 18. b4 Ng5 19. Qe2 f5 20. f4 Ne4 21. c5 Bc7 22. Bc3 g5 23. Nf2 Nxf2 24. Qxf2 Kh7 25. b5 Rg8 26. bxc6 bxc6 27. Rb1 Qg4 28. Kh1 Rg7 29. Rf1 Bb8 30. Rg1 Rcg8 31. Ba5 Qh3 32. Qf1 Qh5 33. Qd1 Qh3 34. Qf1 Qh5 35. Qd1 1/2-1/2

[Event "St Petersburg NFD Cup final-B"]
[Site "St Petersburg"]
[Date "2016.12.12"]
[Round "4"]
[White "Malyshev, Grigory"]
[Black "Toivonen, Alexander"]
[Result "1/2-1/2"]
[WhiteElo "2323"]
[BlackElo "2312"]
[PlyCount "113"]
[EventDate "2016.12.09"]
[EventType "tourn"]
[EventRounds "9"]
[EventCountry "RUS"]
[EventCategory "3"]
[SourceTitle "CBM 176 Extra"]
[Source "ChessBase"]
[SourceDate "2017.03.02"]
[SourceVersion "1"]
[SourceVersionDate "2017.03.02"]
[SourceQuality "1"]

1. d4 d5 2. c4 c6 3. Nf3 Nf6 4. e3 Bf5 5. Nc3 e6 6. Nh4 Be4 7. f3 Bg6 8. Qb3 Qc7 9. Bd2 Nbd7 10. Be2 Be7 11. g3 0-0 12. Nxg6 hxg6 13. Kf2 dxc4 14. Bxc4 e5 15. Qc2 exd4 16. exd4 Qd6 17. Ne2 Nd5 18. Rad1 N7b6 19. Bb3 Bf6 20. Bc1 Rfe8 21. a3 Re7 22. Nc3 Nxc3 23. bxc3 Rae8 24. Rhe1 Nd5 25. Re4 Qd7 26. Rde1 Rxe4 27. Rxe4 Rxe4 28. Qxe4 Nxc3 29. Qxg6 Bxd4+ 30. Kg2 Bf6 31. Qc2 Nd5 32. h4 Qe6 33. h5 Qe5 34. h6 gxh6 35. Bxd5 cxd5 36. Qc8+ Kg7 37. Qg4+ Kh7 38. Bf4 Qe2+ 39. Kh1 Qe6 40. Qh5 Bd4 41. Kg2 f5 42. Qh1 Qe2+ 43. Kh3 Bg7 44. Qb1 Kg6 45. Qxb7 Qxf3 46. Kh2 Qe2+ 47. Kh3 Qf1+ 48. Kh2 Qe2+ 49. Kh3 d4 50. Qxa7 d3 51. Qd7 Qg4+ 52. Kh2 Qe2+ 53. Kh3 h5 54. Qd8 Qg4+ 55. Kh2 Qe2+ 56. Kh3 Qf1+ 57. Kh2 1/2-1/2

[Event "St Petersburg NFD Cup final-B"]
[Site "St Petersburg"]
[Date "2016.12.10"]
[Round "2"]
[White "Dilmukhametov, Artur"]
[Black "Toivonen, Alexander"]
[Result "0-1"]
[WhiteElo "2319"]
[BlackElo "2312"]
[PlyCount "56"]
[EventDate "2016.12.09"]
[EventType "tourn"]
[EventRounds "9"]
[EventCountry "RUS"]
[EventCategory "3"]
[SourceTitle "CBM 176 Extra"]
[Source "ChessBase"]
[SourceDate "2017.03.02"]
[SourceVersion "1"]
[SourceVersionDate "2017.03.02"]
[SourceQuality "1"]

1. e4 e5 2. Nf3 Nf6 3. d4 Nxe4 4. Bd3 d5 5. Nxe5 Nd7 6. Nxd7 Bxd7 7. 0-0 Qh4 8. c4 0-0-0 9. c5 g6 10. Nc3 Bg7 11. g3 Nxc3 12. bxc3 Qf6 13. Bf4 g5 14. Be5 Qh6 15. Bxg7 Qxg7 16. Qb3 Bc6 17. Rab1 Qf6 18. Qa3 a6 19. f4 g4 20. Rfe1 Rde8 21. Qb2 h5 22. Re5 h4 23. Bf5+ Kd8 24. Qf2 hxg3 25. hxg3 Rxe5 26. fxe5 Qh6 27. Qg2 Qe3+ 28. Kf1 Rh3 0-1

[Event "St Petersburg NFD Cup final-B"]
[Site "St Petersburg"]
[Date "2016.12.09"]
[Round "1"]
[White "Toivonen, Alexander"]
[Black "Donskov, Anatoly"]
[Result "1/2-1/2"]
[WhiteElo "2312"]
[BlackElo "2305"]
[PlyCount "31"]
[EventDate "2016.12.09"]
[EventType "tourn"]
[EventRounds "9"]
[EventCountry "RUS"]
[EventCategory "3"]
[SourceTitle "CBM 176 Extra"]
[Source "ChessBase"]
[SourceDate "2017.03.02"]
[SourceVersion "1"]
[SourceVersionDate "2017.03.02"]
[SourceQuality "1"]

1. d4 Nf6 2. Nf3 e6 3. Bf4 c5 4. c3 b6 5. e3 Be7 6. h3 0-0 7. Nbd2 cxd4 8. exd4 Ba6 9. Bxa6 Nxa6 10. 0-0 d6 11. Qe2 Nc7 12. Ne4 Qd7 13. Nxf6+ Bxf6 14. Bg5 Bxg5 15. Nxg5 Qb5 16. Qxb5 1/2-1/2

[Event "Karelia-ch"]
[Site "Petrozavodsk"]
[Date "2014.02.18"]
[Round "1"]
[White "Puzyrevsky, Boris A"]
[Black "Toivonen, Alexander"]
[Result "0-1"]
[WhiteElo "1995"]
[BlackElo "2313"]
[PlyCount "48"]
[EventDate "2014.02.18"]
[EventType "swiss"]
[EventRounds "9"]
[EventCountry "RUS"]
[SourceTitle "EXT 2016"]
[Source "ChessBase"]
[SourceDate "2015.10.08"]
[SourceVersion "1"]
[SourceVersionDate "2015.10.08"]
[SourceQuality "1"]

1. e4 e5 2. Nf3 Nf6 3. Nxe5 d6 4. Nf3 Nxe4 5. d4 d5 6. Bd3 Nc6 7. 0-0 Be7 8. Re1 Bg4 9. c3 f5 10. Qb3 0-0 11. Qxb7 Bxf3 12. gxf3 Nxf2 13. Qxc6 Nxd3 14. Qe6+ Rf7 15. Rd1 Nxc1 16. Rxc1 Rb8 17. Rc2 Rb6 18. Qe2 Rg6+ 19. Kh1 Bd6 20. Qf1 Qh4 21. Na3 Re7 22. Nb5 Bf4 23. Re2 Rge6 24. Rxe6 Qxh2# 0-1

[Event "Chigorin Memorial 20th"]
[Site "St Petersburg"]
[Date "2012.11.02"]
[Round "7"]
[White "Lobanov, Sergei"]
[Black "Toivonen, Alexander"]
[Result "1-0"]
[WhiteElo "2081"]
[BlackElo "2250"]
[PlyCount "133"]
[EventDate "2012.10.27"]
[EventType "swiss"]
[EventRounds "9"]
[EventCountry "RUS"]
[SourceTitle "EXT 2013"]
[Source "ChessBase"]
[SourceDate "2012.11.22"]
[SourceVersion "1"]
[SourceVersionDate "2012.11.22"]
[SourceQuality "1"]

1. e4 e5 2. Nf3 Nf6 3. Nxe5 d6 4. Nf3 Nxe4 5. d4 d5 6. Bd3 Nc6 7. 0-0 Be7 8. c4 Nb4 9. Be2 0-0 10. Nc3 Be6 11. Ne5 f6 12. Nf3 Kh8 13. Be3 f5 14. a3 Nxc3 15. bxc3 Nc6 16. cxd5 Bxd5 17. Bf4 Bd6 18. Qd2 Na5 19. Bxd6 cxd6 20. Rab1 Rc8 21. Rb5 Bxf3 22. Bxf3 a6 23. Rb4 Rf7 24. Bd5 Re7 25. c4 Rec7 26. Be6 Rb8 27. Qf4 Nc6 28. Rb3 g5 29. Qe3 f4 30. Qe4 Qf6 31. Rd1 Re8 32. d5 Nd8 33. Rb6 Nxe6 34. Rxd6 Rce7 35. f3 Nc5 36. Rxf6 Nxe4 37. fxe4 Rxe4 38. c5 g4 39. d6 Kg7 40. Rf5 Kg6 41. Rfd5 g3 42. Rf1 Re1 43. hxg3 fxg3 44. Rd3 R8e3 45. Rxe3 Rxe3 46. Rd1 Re8 47. Kf1 Kf6 48. Rb1 Re5 49. Rxb7 Rxc5 50. Rxh7 Rd5 51. Ke2 Kg6 52. Rd7 Kf5 53. Rd8 Ke6 54. Rg8 Re5+ 55. Kd2 Kxd6 56. Rxg3 Kc5 57. Re3 Rf5 58. Ke2 Kb5 59. Re4 Rc5 60. g4 Rc1 61. Kf3 Rc3+ 62. Re3 Rc1 63. Kf4 Ka4 64. g5 a5 65. g6 Rc5 66. g7 Rc8 67. Kg5 1-0

[Event "Chigorin Memorial 20th"]
[Site "St Petersburg"]
[Date "2012.11.01"]
[Round "6"]
[White "Toivonen, Alexander"]
[Black "Charochkina, Daria"]
[Result "0-1"]
[WhiteElo "2250"]
[BlackElo "2343"]
[PlyCount "46"]
[EventDate "2012.10.27"]
[EventType "swiss"]
[EventRounds "9"]
[EventCountry "RUS"]
[SourceTitle "EXT 2013"]
[Source "ChessBase"]
[SourceDate "2012.11.22"]
[SourceVersion "1"]
[SourceVersionDate "2012.11.22"]
[SourceQuality "1"]

1. d4 Nf6 2. Nf3 g6 3. c4 Bg7 4. Nc3 d5 5. g3 dxc4 6. Bg2 c6 7. 0-0 0-0 8. a4 a5 9. e4 Nfd7 10. Be3 Na6 11. Qe2 Nb6 12. Rfd1 Be6 13. Ng5 Bd7 14. d5 cxd5 15. Bxb6 Qxb6 16. Nxd5 Qc5 17. e5 Bf5 18. Rac1 Bd3 19. Qg4 Nb4 20. Qh4 h6 21. Rxd3 Nxd3 22. Ne4 Qxd5 23. Nf6+ Bxf6 0-1

[Event "Chigorin Memorial 20th"]
[Site "St Petersburg"]
[Date "2012.10.29"]
[Round "3"]
[White "Salov, Vitaly V"]
[Black "Toivonen, Alexander"]
[Result "0-1"]
[WhiteElo "1993"]
[BlackElo "2250"]
[PlyCount "126"]
[EventDate "2012.10.27"]
[EventType "swiss"]
[EventRounds "9"]
[EventCountry "RUS"]
[SourceTitle "EXT 2013"]
[Source "ChessBase"]
[SourceDate "2012.11.22"]
[SourceVersion "1"]
[SourceVersionDate "2012.11.22"]
[SourceQuality "1"]

1. d4 d5 2. Bg5 Bf5 3. e3 h6 4. Bh4 Nf6 5. Bxf6 exf6 6. Bd3 Bxd3 7. Qxd3 c6 8. Ne2 Bd6 9. Nd2 0-0 10. 0-0 Nd7 11. c4 dxc4 12. Nxc4 Bc7 13. Rfd1 Qe7 14. Rac1 Rfd8 15. Qf5 g6 16. Qf3 f5 17. Nf4 Nf6 18. Nd3 Ne4 19. a3 Ng5 20. Qe2 Rxd4 21. Qc2 Rd7 22. b4 Ne4 23. Ne1 Rad8 24. Nf3 Rd5 25. Rxd5 Rxd5 26. Rd1 Qd8 27. Rxd5 Qxd5 28. Ncd2 a5 29. Nd4 axb4 30. axb4 Qd6 31. Nxe4 fxe4 32. g3 Qxb4 33. Qxe4 Qd6 34. h4 h5 35. Qe8+ Qf8 36. Qe4 Qd8 37. f4 Bb6 38. Nf3 Qd7 39. Kf2 Ba7 40. Ke2 b5 41. Qb1 Qd5 42. Kf2 Bc5 43. Qa1 b4 44. Qa8+ Kg7 45. Qa1+ f6 46. Qa6 Qe4 47. Qb7+ Kh6 48. Qc8 Qxe3+ 49. Kg2 Kg7 50. Qd7+ Qe7 51. Qxc6 b3 52. Qb5 Qe3 53. Qd7+ Qe7 54. Qb5 Bb4 55. Qf1 b2 56. Qd3 Bc3 57. f5 Qb7 58. Qb1 g5 59. hxg5 fxg5 60. Kf2 g4 61. Nh4 Bf6 62. Ke3 Qb3+ 63. Kf4 Qc4+ 0-1

[Event "Chigorin Memorial 20th"]
[Site "St Petersburg"]
[Date "2012.10.28"]
[Round "2"]
[White "Toivonen, Alexander"]
[Black "Hayrapetyan, Hovik"]
[Result "0-1"]
[WhiteElo "2250"]
[BlackElo "2450"]
[PlyCount "58"]
[EventDate "2012.10.27"]
[EventType "swiss"]
[EventRounds "9"]
[EventCountry "RUS"]
[SourceTitle "EXT 2013"]
[Source "ChessBase"]
[SourceDate "2012.11.22"]
[SourceVersion "1"]
[SourceVersionDate "2012.11.22"]
[SourceQuality "1"]

1. d4 Nf6 2. c4 e6 3. Nc3 Bb4 4. e3 Bxc3+ 5. bxc3 b6 6. Bd3 Bb7 7. Nf3 d6 8. 0-0 c5 9. Re1 Ne4 10. d5 f5 11. Qa4+ Qd7 12. Qc2 exd5 13. cxd5 Bxd5 14. Nd2 Nxd2 15. Bxf5 Be6 16. Bd3 Nc4 17. Bxc4 Bxc4 18. Qe4+ Qe6 19. Qxa8 0-0 20. e4 Qd7 21. Rd1 Nc6 22. Qxf8+ Kxf8 23. Bf4 d5 24. exd5 Bxd5 25. Bg3 Qf5 26. h3 Qe4 27. f3 Qe3+ 28. Kh2 Qxc3 29. Rac1 Qb2 0-1

[Event "Chigorin Memorial 20th"]
[Site "St Petersburg"]
[Date "2012.10.27"]
[Round "1"]
[White "Gantsevich, Aleksey A"]
[Black "Toivonen, Alexander"]
[Result "0-1"]
[WhiteElo "1626"]
[BlackElo "2250"]
[PlyCount "86"]
[EventDate "2012.10.27"]
[EventType "swiss"]
[EventRounds "9"]
[EventCountry "RUS"]
[SourceTitle "EXT 2013"]
[Source "ChessBase"]
[SourceDate "2012.11.22"]
[SourceVersion "1"]
[SourceVersionDate "2012.11.22"]
[SourceQuality "1"]

1. e4 e5 2. Nf3 Nf6 3. Nxe5 d6 4. Nf3 Nxe4 5. Nc3 Nxc3 6. dxc3 Be7 7. Be2 0-0 8. 0-0 Nc6 9. Bf4 Bf5 10. Qd2 Re8 11. Nd4 Nxd4 12. cxd4 Bf6 13. c3 Qd7 14. Rfe1 h6 15. Bf3 c6 16. h3 d5 17. Rac1 Be4 18. Bg4 Qd8 19. f3 Bg6 20. Rxe8+ Qxe8 21. Re1 Qd8 22. h4 Bxh4 23. g3 Be7 24. Kg2 Bd6 25. Re2 Qc7 26. Bxd6 Qxd6 27. a3 Kf8 28. Kf2 Re8 29. Rxe8+ Kxe8 30. Qe3+ Kf8 31. Qe5 Qxe5 32. dxe5 c5 33. f4 Bc2 34. Ke3 Ke7 35. f5 b6 36. e6 fxe6 37. fxe6 g5 38. Kd2 Bh7 39. Ke3 Bg8 40. Bf5 Bxe6 41. Bxe6 Kxe6 42. Kd3 h5 43. Ke3 Ke5 0-1

[Event "Karelian Autumn"]
[Site "Petrozavodsk"]
[Date "2012.10.16"]
[Round "5"]
[White "Dokutchaev, Aleksander"]
[Black "Toivonen, Alexander"]
[Result "1/2-1/2"]
[WhiteElo "2435"]
[BlackElo "2250"]
[PlyCount "90"]
[EventDate "2012.10.14"]
[EventType "swiss"]
[EventRounds "9"]
[EventCountry "RUS"]
[SourceTitle "EXT 2013"]
[Source "ChessBase"]
[SourceDate "2012.11.22"]
[SourceVersion "1"]
[SourceVersionDate "2012.11.22"]
[SourceQuality "1"]

1. Nf3 d5 2. e3 Nf6 3. c4 c6 4. Nc3 a6 5. Qc2 g6 6. b3 Bg7 7. Bb2 0-0 8. Be2 b5 9. Rd1 Bf5 10. d3 Qc7 11. Nd4 Bc8 12. b4 e5 13. Nb3 Be6 14. Nc5 Qe7 15. Nxe6 fxe6 16. Qb3 Nbd7 17. cxd5 exd5 18. e4 Kh8 19. exd5 cxd5 20. 0-0 Nb6 21. Bf3 Rad8 22. Rfe1 d4 23. Ne2 Qd7 24. Bc1 Nfd5 25. Bg5 Rc8 26. Rc1 h6 27. Rxc8 Rxc8 28. Bd2 Nc4 29. Bc1 Kh7 30. h4 Nf6 31. Ng3 Nd6 32. h5 gxh5 33. Nxh5 Nxh5 34. Bxh5 Qf5 35. Be2 e4 36. dxe4 Nxe4 37. Bf3 Nd6 38. Bb2 Re8 39. Rxe8 Nxe8 40. Be2 Kh8 41. Bd3 Qe5 42. Qf7 Nf6 43. Kf1 Qf4 44. Ke1 Qe5+ 45. Kf1 Qf4 1/2-1/2

[Event "Karelian Autumn"]
[Site "Petrozavodsk"]
[Date "2012.10.14"]
[Round "2"]
[White "Dmitriev, Andrey V"]
[Black "Toivonen, Alexander"]
[Result "0-1"]
[WhiteElo "1983"]
[BlackElo "2250"]
[PlyCount "48"]
[EventDate "2012.10.14"]
[EventType "swiss"]
[EventRounds "9"]
[EventCountry "RUS"]
[SourceTitle "EXT 2013"]
[Source "ChessBase"]
[SourceDate "2012.11.22"]
[SourceVersion "1"]
[SourceVersionDate "2012.11.22"]
[SourceQuality "1"]

1. e4 e5 2. Nf3 Nf6 3. Nxe5 d6 4. Nf3 Nxe4 5. d4 d5 6. Bd3 Nc6 7. 0-0 Bg4 8. Re1 Be7 9. c3 f5 10. Qb3 0-0 11. Nbd2 Kh8 12. h3 Bh5 13. Nh2 Bd6 14. Nxe4 fxe4 15. Be2 Bxh2+ 16. Kxh2 Rxf2 17. Bxh5 Qd6+ 18. Kh1 Qg3 19. Rg1 Raf8 20. Bh6 gxh6 21. Qxb7 Ne7 22. Bg4 h5 23. Be6 Qd6 24. Bxd5 Nf5 0-1

[Event "St Petersburg Botvinnik Memorial op"]
[Site "St Petersburg"]
[Date "2012.08.28"]
[Round "4"]
[White "Alekseenko, Kirill"]
[Black "Toivonen, Alexander"]
[Result "1-0"]
[WhiteElo "2430"]
[BlackElo "2250"]
[PlyCount "93"]
[EventDate "2012.08.25"]
[EventType "swiss"]
[EventRounds "9"]
[EventCountry "RUS"]
[SourceTitle "CBM 150 Extra"]
[Source "ChessBase"]
[SourceDate "2012.10.19"]
[SourceVersion "1"]
[SourceVersionDate "2012.10.19"]
[SourceQuality "1"]

1. e4 e5 2. Nf3 Nf6 3. Nxe5 d6 4. Nf3 Nxe4 5. d4 d5 6. Bd3 Nc6 7. 0-0 Be7 8. c4 Nb4 9. Be2 0-0 10. Nc3 Be6 11. Nxe4 dxe4 12. Ne1 Bf5 13. a3 Nc6 14. Be3 Bf6 15. d5 Ne5 16. Bd4 Re8 17. f4 Nd3 18. Nc2 c6 19. Bxf6 Qxf6 20. g4 cxd5 21. gxf5 dxc4 22. Qd2 Rad8 23. Bxd3 e3 24. Qe1 cxd3 25. Nxe3 Qd4 26. Rf3 d2 27. Qe2 Qxb2 28. Rd1 Qxa3 29. Rxd2 Qc1+ 30. Nf1 Qc5+ 31. Qf2 Qxf5 32. Rxd8 Rxd8 33. Qxa7 b5 34. Qc7 Rc8 35. Qe5 Qxe5 36. fxe5 Rc5 37. Re3 Kf8 38. Nd2 b4 39. Kf2 Ke7 40. Nf3 Rc3 41. Re4 b3 42. Rb4 Rc2+ 43. Ke3 b2 44. Rb7+ Kd8 45. Nd2 Rc3+ 46. Ke4 Rh3 47. Nf3 1-0

[Event "St Petersburg Botvinnik Memorial op"]
[Site "St Petersburg"]
[Date "2012.08.26"]
[Round "2"]
[White "Bukavshin, Ivan"]
[Black "Toivonen, Alexander"]
[Result "1-0"]
[WhiteElo "2476"]
[BlackElo "2250"]
[PlyCount "67"]
[EventDate "2012.08.25"]
[EventType "swiss"]
[EventRounds "9"]
[EventCountry "RUS"]
[SourceTitle "CBM 150 Extra"]
[Source "ChessBase"]
[SourceDate "2012.10.19"]
[SourceVersion "1"]
[SourceVersionDate "2012.10.19"]
[SourceQuality "1"]

1. Nf3 d5 2. c4 c6 3. e3 Nf6 4. Nc3 a6 5. d4 b5 6. b3 Bg4 7. h3 Bxf3 8. Qxf3 e6 9. Bd2 Nbd7 10. Bd3 Be7 11. 0-0 0-0 12. Rfd1 b4 13. Na4 a5 14. Rac1 Rc8 15. Rc2 Nb6 16. Nb2 c5 17. dxc5 Rxc5 18. e4 d4 19. Bf1 Nbd7 20. Nd3 Ne5 21. Nxe5 Rxe5 22. Bf4 Rxe4 23. Bg3 Bc5 24. Bd3 Qa8 25. Bf4 Rxf4 26. Qxf4 Qc6 27. Re2 Rd8 28. Qh4 Be7 29. Bxh7+ Nxh7 30. Qxe7 Re8 31. Qa7 e5 32. Qxa5 Qd6 33. f4 e4 34. Rxe4 1-0

[Event "North-West Cup final"]
[Site "St Petersburg"]
[Date "2011.12.10"]
[Round "6"]
[White "Rakhmanov, Alexander"]
[Black "Toivonen, Alexander"]
[Result "1-0"]
[WhiteElo "2586"]
[BlackElo "2254"]
[PlyCount "67"]
[EventDate "2011.12.05"]
[EventType "tourn"]
[EventRounds "9"]
[EventCountry "RUS"]
[SourceTitle "EXT 2022"]
[Source "ChessBase"]
[SourceDate "2021.10.06"]
[SourceVersion "1"]
[SourceVersionDate "2021.10.06"]
[SourceQuality "1"]

1. d4 d5 2. c4 c6 3. Nf3 Nf6 4. Qb3 dxc4 5. Qxc4 Bf5 6. g3 e6 7. Bg2 Nbd7 8. 0-0 Be7 9. e3 0-0 10. Rd1 Qc7 11. Nc3 Ne4 12. Ne1 Nxc3 13. bxc3 e5 14. e4 Bg4 15. f3 Be6 16. Qe2 Nb6 17. f4 exd4 18. cxd4 f5 19. d5 cxd5 20. exd5 Bf7 21. Bb2 Rfe8 22. Be5 Bd6 23. Rac1 Qe7 24. Nf3 Rad8 25. Qb5 Rc8 26. Rxc8 Rxc8 27. Qd3 Bxd5 28. Ng5 Bc5+ 29. Kh1 Bxg2+ 30. Kxg2 h6 31. Qb3+ Kh8 32. Ne6 Rg8 33. Nxc5 Qxc5 34. Rd6 1-0

[Event "North-West Cup final"]
[Site "St Petersburg"]
[Date "2011.12.08"]
[Round "3"]
[White "Smirnov, Vladimir Sergeevich"]
[Black "Toivonen, Alexander"]
[Result "1/2-1/2"]
[WhiteElo "2253"]
[BlackElo "2254"]
[PlyCount "74"]
[EventDate "2011.12.05"]
[EventType "tourn"]
[EventRounds "9"]
[EventCountry "RUS"]
[SourceTitle "EXT 2022"]
[Source "ChessBase"]
[SourceDate "2021.10.06"]
[SourceVersion "1"]
[SourceVersionDate "2021.10.06"]
[SourceQuality "1"]

1. d4 d5 2. Nf3 Nf6 3. c3 e6 4. Bg5 h6 5. Bxf6 Qxf6 6. Nbd2 g6 7. e4 Bg7 8. Bd3 0-0 9. e5 Qe7 10. h4 Nd7 11. Ng1 c5 12. a3 b5 13. f4 b4 14. axb4 cxd4 15. Ndf3 dxc3 16. bxc3 Bb7 17. Ne2 a5 18. bxa5 Nc5 19. h5 Ba6 20. Bxa6 Rxa6 21. hxg6 fxg6 22. Qc2 Ne4 23. Nd2 Nxd2 24. Kxd2 Kh7 25. g4 Qc5 26. g5 Rf5 27. gxh6 Bxh6 28. Rh4 Kg7 29. Rah1 Bxf4+ 30. Rxf4 Rxe5 31. Nd4 Rg5 32. Qd3 Rg2+ 33. Ke1 Qxa5 34. Kf1 Rg5 35. Nf3 Qa1+ 36. Ne1 Ra4 37. Rxa4 Qxa4 1/2-1/2

[Event "Karelian Autumn"]
[Site "Petrozavodsk"]
[Date "2011.10.14"]
[Round "8"]
[White "Savolainen, Lev P"]
[Black "Toivonen, Alexander"]
[Result "0-1"]
[WhiteElo "2140"]
[BlackElo "2245"]
[PlyCount "72"]
[EventDate "2011.10.08"]
[EventType "swiss"]
[EventRounds "9"]
[EventCountry "RUS"]
[SourceTitle "EXT 2012"]
[Source "ChessBase"]
[SourceDate "2011.11.24"]
[SourceVersion "1"]
[SourceVersionDate "2011.11.24"]
[SourceQuality "1"]

1. d4 d5 2. c4 c6 3. Nf3 Nf6 4. Nc3 dxc4 5. e3 b5 6. a4 b4 7. Nb1 e6 8. Bxc4 Nbd7 9. 0-0 Be7 10. b3 Bb7 11. Bb2 0-0 12. Nbd2 c5 13. Qe2 Nb6 14. Bd3 Nbd5 15. Rac1 Rc8 16. Bb1 cxd4 17. Bxd4 Nc3 18. Bxc3 bxc3 19. Nc4 Bb4 20. Rfd1 Qc7 21. Rd4 Rfd8 22. Rcd1 Rxd4 23. Rxd4 Rd8 24. Qd1 Rxd4 25. Qxd4 Qd7 26. Kf1 Bxf3 27. gxf3 Qxd4 28. exd4 Nd5 29. Ne3 Nf4 30. Nc2 Bd6 31. b4 Nd5 32. b5 Bxh2 33. Ke2 Bc7 34. Kd3 h5 35. f4 h4 36. Ne3 h3 0-1

[Event "St Petersburg Botvinnik 100 op"]
[Site "St Petersburg"]
[Date "2011.08.19"]
[Round "8"]
[White "Chuprova, Irina"]
[Black "Toivonen, Alexander"]
[Result "1/2-1/2"]
[WhiteElo "1866"]
[BlackElo "2292"]
[PlyCount "96"]
[EventDate "2011.08.12"]
[EventType "swiss"]
[EventRounds "9"]
[EventCountry "RUS"]
[SourceTitle "CBM 143 Extra"]
[Source "ChessBase"]
[SourceDate "2011.08.29"]
[SourceVersion "1"]
[SourceVersionDate "2011.08.29"]
[SourceQuality "1"]

1. e4 e5 2. Nf3 Nf6 3. Nc3 Bb4 4. Nxe5 0-0 5. Nd3 Bxc3 6. dxc3 Nxe4 7. Be2 Nc6 8. 0-0 d6 9. Nf4 Re8 10. Be3 Bf5 11. Bc4 Ne5 12. Be2 h6 13. Re1 c6 14. c4 Qc7 15. f3 Nf6 16. Bf2 Rad8 17. c3 g5 18. Bd3 Bxd3 19. Nxd3 Nxc4 20. Bd4 Nd5 21. f4 Rxe1+ 22. Qxe1 c5 23. Bf2 Qe7 24. fxg5 Qxe1+ 25. Rxe1 hxg5 26. b3 Ncb6 27. c4 Nc7 28. h4 gxh4 29. Re4 Re8 30. Rxh4 Ne6 31. Bg3 Nc8 32. Nf2 Nd4 33. Ne4 Re6 34. Rg4+ Kf8 35. Rh4 Ke7 36. Rh8 Kd7 37. Ng5 Rg6 38. Bh4 f6 39. Ne4 Nf3+ 40. Kf2 Nxh4 41. Rxh4 Ne7 42. Rh7 Ke6 43. Nc3 a6 44. Ne2 Rg4 45. Kf3 f5 46. Nf4+ Kf6 47. Nh5+ Ke6 48. Nf4+ Kf6 1/2-1/2

[Event "St Petersburg Botvinnik 100 op"]
[Site "St Petersburg"]
[Date "2011.08.13"]
[Round "2"]
[White "Predke, Alexandr"]
[Black "Toivonen, Alexander"]
[Result "1/2-1/2"]
[WhiteElo "2450"]
[BlackElo "2292"]
[PlyCount "72"]
[EventDate "2011.08.12"]
[EventType "swiss"]
[EventRounds "9"]
[EventCountry "RUS"]
[SourceTitle "CBM 143 Extra"]
[Source "ChessBase"]
[SourceDate "2011.08.29"]
[SourceVersion "1"]
[SourceVersionDate "2011.08.29"]
[SourceQuality "1"]

1. c4 c6 2. e4 d5 3. exd5 cxd5 4. d4 Nf6 5. Nc3 g6 6. cxd5 Bg7 7. Qa4+ Nbd7 8. g3 0-0 9. Bg2 Nb6 10. Qb3 Bf5 11. Nge2 Bd3 12. d6 exd6 13. Bxb7 Rb8 14. Bf3 Qd7 15. 0-0 Qf5 16. Kg2 g5 17. Re1 g4 18. Bc6 Rfc8 19. Bb5 Qf3+ 20. Kg1 Nbd5 21. Nxd5 Rxb5 22. Ne7+ Kf8 23. Qa3 Rc2 24. Qxd6 Rxe2 25. Ng6+ Ke8 26. Rxe2+ Qxe2 27. Qc6+ Kd8 28. Qa8+ Kd7 29. Qxa7+ Ke8 30. Qa8+ Kd7 31. Bf4 hxg6 32. Rc1 Bc2 33. Qa7+ Ke8 34. Qa8+ Ke7 35. Qa3+ Kd7 36. Qa7+ Ke8 1/2-1/2